| 000 | 01632nam a2200349 c 4500 | ||
|---|---|---|---|
| 999 |
_c188235 _d188235 |
||
| 003 | BLK | ||
| 005 | 20200526160530.0 | ||
| 008 | 180411b bul|||||r ||||||| ||bul|| | ||
| 010 | _aKNG00197253000 | ||
| 040 | _aBLK | ||
| 041 |
_aBUL _cBUL |
||
| 080 |
_aРуска литература _b821.161.1 _x-32 _z821.161.1-32 |
||
| 100 | 1 |
_aФадеев, Александър Александрович _eпърви автор _9329068 |
|
| 139 |
_aФадеев, Александър Александрович _bФ 15 |
||
| 245 | 1 | 0 |
_aРазгром _bРоман _cАлександър Александрович Фадеев; прев. от рус. Пелин Велков; прев. от рус. Борис Мисирков; състав. Мария Причкапова. |
| 245 | 1 | 0 | _aРаждането на Амгунския полк |
| 245 | 1 | 0 | _aПотоп |
| 257 | _aBGR | ||
| 260 |
_bПартиздат _c1984 _aСофия |
||
| 300 |
_a255с _c21см |
||
| 380 | _aX | ||
| 490 | 1 | _aКниги за революцията | |
| 500 | _aОриг. загл. Разгром; Рождение Амгуньского полка; Разлив/ Александр Фадеев- 22110 тир. | ||
| 700 | 1 |
_aВелков, Пелин _eпрев. от рус. _gПеловски, Тодор Велков _9373479 |
|
| 700 | 1 |
_aМисирков, Борис _eпрев. от рус. _9363631 |
|
| 700 | 1 |
_aПричкапова, Мария _eсъстав. _9113037 |
|
| 852 | _aЦб 131254 | ||
| 856 | 4 | _qpdf | |
| 856 | 4 | _qpdf | |
| 942 |
_cKNG _n0 _01 _s1 |
||
| 944 |
_aCR _c02.12.2016 _kВиолета_Тройчева |
||
| 944 |
_aED _c02.12.2016 _kВиолета_Тройчева |
||
| 999 | _d188235 | ||